Teatro completo

Uloženo v:
Podrobná bibliografie
Hlavní autor: Rueda, Lope de (Autor)
Médium: Kniha
Jazyk:španělština
Vydáno: Ciudad de México Porrua 1974
Edice:Sepan cuántos, 265
Témata:
Tagy: Přidat tag
Žádné tagy, Buďte první, kdo vytvoří štítek k tomuto záznamu!

MARC

LEADER 00000nam a2200000 a 4500
001 UCY2188
003 CL-VaPUC
008 941014e19740000MX |||||||||||||||||spa|d
082 0 4 |a 862  |b RUE  |2 21 
100 0 |a Rueda, Lope de  |e author  |9 330241 
245 1 0 |a Teatro completo 
300 |a 286 p 
942 |c BK 
945 |d 19941014 00:00:00  |a oaravena 
260 |a Ciudad de México  |b Porrua  |c 1974 
500 |a Contiene las siguentes obras: Infemia - Armelina - De los engañados - Medora - Colloquio de Camila - Colloquio de Tymbrie - Diálogo sobre la invención de las calcas - El deleitoso - Registro de representante - Coloquio llamado prendas de Amor - Colloquio en verso - Comedia llamada discordia y question de amor - Auto de Navel y Abigabil - Auto de los desposorios de Aoisen - Farsa del sordo 
650 0 |a Dramas españoles  |9 267081 
583 |a last modification  |c 19941014 00:00:00  |k Rodrigo Vera 
490 0 |a Sepan cuántos, 265 
999 |c 230664  |d 230662 
952 |0 0  |1 0  |4 0  |6 862_000000000000000_RUE_1974  |7 0  |8 P  |9 233091  |a BIBARQ  |b BIBARQ  |d 2019-11-15  |i 3027449  |o 862 RUE 1974  |p 3027449  |r 2025-01-20  |w 2019-11-15  |y BK  |k ARQ